Introductory statistical mechanics

Saved in:
Bibliographic Details
Main Author: Bowley, Roger
Other Authors: Sanchez, Mariana
Format: Book
Language:English
Published: Oxford : Clarendon press, 1996
Subjects:
Tags: Add Tag
No Tags, Be the first to tag this record!

MARC

LEADER 00000nam a2200000 i 4500
001 1/90804
008 991001s1996 eng d
020 |a 0198517947 
035 |l 10053275 
040 |a GR-MY-UA  |b gre  |e aacr 
041 0 |a eng 
082 0 |a 530.13 
100 1 |a Bowley, Roger. 
245 1 0 |a Introductory statistical mechanics /  |c Roger Bowley, Mariana Sanchez 
260 |a Oxford :   |b Clarendon press,   |c 1996 
300 |a xii, 289 p.;  |b ill.;  |c 25 cm. 
500 |a Includes bibliographical references and index 
650 0 0 |a Statistical thermodynamics. 
650 0 0 |a Entropy. 
700 1 |a Sanchez, Mariana. 
852 |a INST  |b SAMOS  |e 19991001  |h 530.13 BOW  |p 005300012460  |q 005300012460  |t BK  |y 0 
901 |a BIBL3-1999-3 
909 |a Σ  |b 063312 
922 |a 3ΕΛΗ  |b 199907  |c ΕΠΕΑΕΚ/ΜΑΘ  |d ΠΑΠΑΣΩΤΗΡΙΟΥ 
970 |a ΓΕΝΟΥΖΟΥ  |b ΧΡΥΣΑΝΘΗ  |z 1999/10/01